Arithmetique et geometrie : terminales C et E. Nouveau programme 1971

Αποθηκεύτηκε σε:
Λεπτομέρειες βιβλιογραφικής εγγραφής
Κύριος συγγραφέας: Pochard, Henri
Μορφή: Βιβλίο
Γλώσσα:French
Δημοσίευση: Paris : Gauthier-Villars, 1971
Θέματα:
Ετικέτες: Προσθήκη ετικέτας
Δεν υπάρχουν, Καταχωρήστε ετικέτα πρώτοι!

MARC

LEADER 00000cam a2200000 i 4500
001 1/5982
008 100323s1971 fre d
035 |l 10107354 
040 |a GR-MY-UA  |b gre  |e aacr 
041 0 |a fre 
082 0 |a 513.13  |2 (22) 
100 1 |a Pochard, Henri. 
245 1 0 |a Arithmetique et geometrie :  |b terminales C et E. Nouveau programme 1971 /  |c Henri Pochard 
260 |a Paris :   |b Gauthier-Villars,   |c 1971 
300 |a viii, 318 σ.;  |b σχέδια;  |c 22 εκ. 
650 0 0 |a Arithmetic. 
650 0 0 |a Geometry. 
852 |a INST  |b SAMOS  |c MAG  |e 20100323  |h 513.13 POC  |p 005300032137  |q 005300032137  |t BK  |y 0 
901 |a BIBL3-2010-1 
909 |a Σ  |b 162073 
970 |a ΡΟΥΣΣΟΥ  |b ΚΩΝΣΤΑΝΤΙΝΑ  |z 2010/03/22